Word Ladder: How to Make More Flowers Quiz Stats

 Plays Quiz Updated Feb 9, 2016

Challenge
Share
Tweet
Embed
Score 0/22 Timer 03:00
3 Plays Today
Clue 6-Letter Word % Correct
Completely wetSOAKED
96.6%
Flew like an eagleSOARED
96.3%
Two-time Oscar winner Jodie _____FOSTER
95.1%
NYC borough: ______ IslandSTATEN
94.7%
Possessing greater speedFASTER
94.5%
Abstained from eatingFASTED
93.6%
Common dorm wall decorationPOSTER
93.6%
Explicitly saidSTATED
93.4%
Killed a vampireSTAKED
92.4%
Pay attention to soundsLISTEN
92.2%
Added an item to a blogPOSTED
92.2%
Clue 6-Letter Word % Correct
Small gunPISTOL
91.3%
Turned tartSOURED
90.8%
Like numbers available in the phone bookLISTED
90.3%
Cylindrical engine partPISTON
89.3%
PerseveredLASTED
89.3%
Heavyweight champ boxer Sonny _____LISTON
86.9%
Visibly sulkedPOUTED
82.7%
Journeyed through many parts of an areaTOURED
81.1%
● Pollen-producing flower part ●● STAMEN ●
78.6%
Proclaimed the virtues ofTOUTED
77.8%
● Ovule-producing flower part ●● PISTIL ●
52.1%

Today's Daily Dose

You're not logged in!

Compare scores with friends on all Sporcle quizzes.
OR
Log In

You Might Also Like...

Show Comments

Extras

Top Quizzes Today


Score Distribution

Your Account Isn't Verified!

In order to create a playlist on Sporcle, you need to verify the email address you used during registration. Go to your Sporcle Settings to finish the process.

Report this User

Report this user for behavior that violates our Community Guidelines.

Details: